000 00667nam a2200169 4500
008 100304s2001 maua b 000 0 eng
020 _a1570624461 :gift
090 _aGV1100.77.A2
_bB85s
245 0 0 _aBudo secrets :
_bteachings of the martial arts masters /
_cedited by John Stevens.
260 _aBoston :
_bShambhala ;
_a[New York] :
_bDistributed in the U.S. by Random House,
_cc2001.
300 _axi, 115 p. :
_bill. ;
_c23 cm.
504 _aIncludes bibliographical references.
650 4 _aMartial arts
_zJapan
_xPhilosophy.
700 1 _aStevens, John,
_d1947-
951 _p33632
_x00038775
_oGV1100.77.A2/B85s
_j100304150300875
_d2000-12-21
_cGC
999 _c34092
_d34092